Códices en las cortesías de mis libros / (Registro nro. 13488)
[ vista simple ]
| 000 -LIDER | |
|---|---|
| fixed length control field | 01208nam a22002897a 4500 |
| 003 - IDENTIFICACDOR DE NÚMERO DE CONTROL | |
| control field | DO-SdBNP |
| 005 - DATE AND TIME OF LATEST TRANSACTION | |
| control field | 20210513094408.0 |
| 008 - ELEMENTOS DE LONGITUD FIJA | |
| fixed length control field | 210507b2020 dr | 00| 0 spa d |
| 020 ## - ISBN | |
| International Standard Book Number | 9789945503241 |
| 040 ## - FUENTE DE CATALOGACIÓN | |
| Agencia que crea de manera original el registro | BPMSU |
| Enlace | spa |
| Agencia que realiza la transcripción | BPMSU |
| 082 ## - NÚMERO DE CLASIFICACIÓN DECIMAL DE DEWEY | |
| Classification number | RD863.44 |
| Item number | C957c 2018 |
| Edition number | 22 |
| 100 1# - ASIENTO PRINCIPAL -- NOMBRE PERSONAL | |
| Nombre personal | Cruz Durán, Giovanny |
| 245 10 - MENCIÓN DE TITULO | |
| Título | Códices en las cortesías de mis libros / |
| Mención de responsabilidad | Giovanny Cruz Durán |
| 260 ## - PUBLICACIÓN, DISTRIBUCIÓN, ETC. (PIE DE IMPRENTA) | |
| Lugar de publicación, distribución, etc | Santo Domingo: |
| Nombre del editor, distribuidor, etc. | Ministerio de Cultura ; |
| -- | Editora Nacional |
| Fecha de publicación, distribución, etc | 2018 |
| 300 ## - DESCRIPCIÓN FÍSICA | |
| Extensión | 165 p. : |
| Dimensiones | 21 cm. |
| 490 0# - MENCIÓN DE SERIES | |
| Mención de serie | Narrativa |
| 500 ## - NOTA GENERAL | |
| Materiales especificados | Incluyes datos Biográficos de autor el la solapa de la cubierta |
| 500 ## - NOTA GENERAL | |
| Materiales especificados | Jurado : Nan Chevalier, Manuel Llibre y Fernando Berroa |
| 505 ## - NOTA DE CONTENIDO | |
| Texto normalizado de contenido | Todas las vidas de un gato -- Identidad -- Me quedo con el atabal ! -- Examen de conciencia -- Un accidente en autopista -- Suplantación -- Esfumados -- Ajuste de cuentas -- En el fondo mar -- Códices en las cortesías de mis libros.<br/> |
| 586 ## - AWARDS NOTE | |
| Awards note | Premio Anual de Cuento José Ramón López 2017 |
| 590 ## - NOTA LOCAL | |
| Enlace | Inventariado, 2021/ VM |
| 650 #4 - ENCABEZAMIENTO DE MATERIA--TEMÁTICO | |
| Término temático o nombre geográfico como elemento de entrada | Certamenes literarios |
| Subdivisión geográfica | República dominicana |
| 650 #4 - ENCABEZAMIENTO DE MATERIA--TEMÁTICO | |
| Término temático o nombre geográfico como elemento de entrada | Cuentos dominicanos |
| 650 #4 - ENCABEZAMIENTO DE MATERIA--TEMÁTICO | |
| Término temático o nombre geográfico como elemento de entrada | Literatura dominicana |
| 910 ## - VALIDACIÓN | |
| Validación | VMateo |
| 942 ## - ADDED ENTRY ELEMENTS (KOHA) | |
| Source of classification or shelving scheme | Dewey Decimal Classification |
| Koha item type | Libros |
| Withdrawn status | Lost status | Source of classification or shelving scheme | Damaged status | Not for loan | Collection code | Home library | Current library | Date acquired | Source of acquisition | Full call number | Barcode | Date last seen | Price effective from | Koha item type | Copy number |
|---|---|---|---|---|---|---|---|---|---|---|---|---|---|---|---|
| Dewey Decimal Classification | Colección Dominicana | Biblioteca Pública Metropolitana Salomé Ureña | Biblioteca Pública Metropolitana Salomé Ureña | 05/13/2021 | Editora Nacional | BPMSU CD RD863.44 C957c 2018 | BPMSU21050065 | 05/13/2021 | 05/13/2021 | Libros | |||||
| Dewey Decimal Classification | Colección Dominicana | Biblioteca Pública Metropolitana Salomé Ureña | Biblioteca Pública Metropolitana Salomé Ureña | 05/13/2021 | Editora Nacional | BPMSU CD RD863.44 C957c 2018 | BPMSU21050066 | 05/13/2021 | 05/13/2021 | Libros | e.2 | ||||
| Dewey Decimal Classification | Colección Dominicana | Biblioteca Pública Metropolitana Salomé Ureña | Biblioteca Pública Metropolitana Salomé Ureña | 05/13/2021 | Editora Nacional | BPMSU CD RD863.44 C957c 2018 | BPMSU21050067 | 05/13/2021 | 05/13/2021 | Libros | e.3 |